00602cam a22001577a 4500008004000000082001800040100001800058245005200076260005100128300001300179440002200192500008700214650003400301999001900335952009000354180718b1952 xxu||||| |||| 00| 0 eng d aI5516x73 In8c aStein, Harold aDisposal of th aluminum plantscby Harold Stein aNew YorkbPolygraphic Company of Americac1952 a316-361p aOPAC case studies aInter-university case program: cases in public administration and policy formation aInter-university case program c500375d500375 00104070aIIPAbIIPAd2018-08-04oI5516x73 In8cpGR4911r2018-08-04w2018-08-04yGR